MARC details
| 000 -LEADER |
| fixed length control field |
03533cam a22002777a 4500 |
| 005 - DATE AND TIME OF LATEST TRANSACTION |
| control field |
20240301111425.0 |
| 020 ## - INTERNATIONAL STANDARD BOOK NUMBER |
| International Standard Book Number |
906718294X |
| 020 ## - INTERNATIONAL STANDARD BOOK NUMBER |
| International Standard Book Number |
9789067182942 |
| 040 ## - CATALOGING SOURCE |
| Original cataloging agency |
COO |
| Transcribing agency |
COO |
| Modifying agency |
YDXCP |
| -- |
BAKER |
| -- |
OUN |
| -- |
OHX |
| -- |
NLGGC |
| -- |
BTCTA |
| -- |
WEA |
| -- |
VRC |
| -- |
MUQ |
| -- |
PUL |
| -- |
DLC |
| Language of cataloging |
eng |
| 050 00 - LIBRARY OF CONGRESS CALL NUMBER |
| Classification number |
QH541.15.E19 |
| Item number |
W67 2007 |
| 082 00 - DEWEY DECIMAL CLASSIFICATION NUMBER |
| Classification number |
304.20959 |
| Edition number |
22 |
| 100 ## - MAIN ENTRY--PERSONAL NAME |
| Personal name |
Boomgaard, Peter |
| 245 02 - TITLE STATEMENT |
| Title |
A world of water : |
| Remainder of title |
rain, rivers and seas in Southeast Asian histories / |
| Statement of responsibility, etc. |
edited by Peter Boomgaard. |
| 260 ## - PUBLICATION, DISTRIBUTION, ETC. |
| Place of publication, distribution, etc. |
Leiden : |
| Name of publisher, distributor, etc. |
KITLV Press, |
| Date of publication, distribution, etc. |
2007. |
| 300 ## - PHYSICAL DESCRIPTION |
| Extent |
viii, 368 pages : |
| Other physical details |
illustrations, maps ; |
| Dimensions |
24 cm. |
| 505 00 - FORMATTED CONTENTS NOTE |
| Miscellaneous information |
Preface, |
| Title |
In a state of flux : water as a deadly and a life-giving force in Southeast Asia / |
| Statement of responsibility |
Peter Boombaard -- |
| Title |
Geography as destiny? : the role of water in Southeast Asian history / |
| Statement of responsibility |
Heather Sutherland -- |
| Title |
Of gods and monsters : indigenous sea cosmologies, promiscuous geographies and the depths of local sovereignty / |
| Statement of responsibility |
Sandra Pannell -- |
| Title |
Toothy tale : a short history of shark fisheries and trade in shark products in twentieth-century Indonesia / |
| Statement of responsibility |
Manon Osseweijer -- |
| Title |
Tale of two centuries : the globalization of maritime raiding and piracy in Southeast Asia at the end of the eighteenth and twentieth centuries / |
| Statement of responsibility |
James F. Warren -- |
| Title |
Storms of history : water, hazard and society in the Philippines, 1565-1930 / |
| Statement of responsibility |
Greg Bankoff -- |
| Title |
Communal irrigation : a comparative perspective / |
| Statement of responsibility |
Robert C. Hunt -- |
| Title |
Geographical explanations for the distribution of irrigation institutions : cases from Southeast Asia / |
| Statement of responsibility |
Willem Wolters -- |
| Title |
Water and rice in early Java and Bali / |
| Statement of responsibility |
Jan Wisseman Christie -- |
| Title |
Contestation over a life-giving force : water rights and conflicts, with special reference to Indonesia / |
| Statement of responsibility |
Franz von Benda-Beckmann -- |
| Title |
Role of waterborne diseases in Malaysia / |
| Statement of responsibility |
Foong Kin -- |
| Title |
Privatizing water : the Jakarta concession and the limits of contract / |
| Statement of responsibility |
Okke Braadbaart -- |
| Title |
Politics of environmental and water pollution in East Java / |
| Statement of responsibility |
Anton Lucas and Arief W. Djati. |
| 520 ## - SUMMARY, ETC. |
| Summary, etc. |
Water, in its many guises, has always played a powerful role in shaping Southeast Asian histories, cultures, societies and economies. This volume, the rewritten results of an international workshop, with participants from eight countries, contains thirteen essays, representing a broad range of approaches to the study of Southeast Asia with water as the central theme. As it was exposed to the sea, the region was more accessible to outside political, economic and cultural influences than many landlocked areas. Easy access through sea routes also stimulated trade from an early age. However, the same easy access made Southeast Asia vulnerable to political control by strong outsiders. The sea is, moreover, a source of food, but also of many hazards. At the same time, Southeast Asian societies and cultures are confronted with and permeated by 'water from heaven' in the form of rain, flash floods, irrigation water, water in rivers, brooks and swaps, water-driven power plants, and pumped or piped water, in addition to water as a carrier of sewage and pollution. Finally, the volume deals with the role of water in classification systems, beliefs, myths, illness and healing. Full Text (Open Access) |
| 650 #0 - SUBJECT ADDED ENTRY--TOPICAL TERM |
| Topical term or geographic name entry element |
Ecohydrology |
| Geographic subdivision |
Southeast Asia |
| General subdivision |
History. |
| 650 #0 - SUBJECT ADDED ENTRY--TOPICAL TERM |
| Topical term or geographic name entry element |
Water |
| General subdivision |
Social aspects |
| Geographic subdivision |
Southeast Asia. |
| 650 #0 - SUBJECT ADDED ENTRY--TOPICAL TERM |
| Topical term or geographic name entry element |
Water in agriculture |
| Geographic subdivision |
Southeast Asia. |
| 650 #0 - SUBJECT ADDED ENTRY--TOPICAL TERM |
| Topical term or geographic name entry element |
Water |
| General subdivision |
Pollution |
| Geographic subdivision |
Southeast Asia. |
| 700 1# - ADDED ENTRY--PERSONAL NAME |
| Personal name |
Boomgaard, P., |
| Dates associated with a name |
1946-2017 |
| 906 ## - LOCAL DATA ELEMENT F, LDF (RLIN) |
| a |
7 |
| b |
cbc |
| c |
copycat |
| d |
2 |
| e |
ncip |
| f |
20 |
| g |
y-gencatlg |
| 942 ## - ADDED ENTRY ELEMENTS (KOHA) |
| Source of classification or shelving scheme |
Dewey Decimal Classification |
| Koha item type |
Books |
| Suppress in OPAC |
No |
| 999 ## - |
| -- |
711 |
| -- |
711 |